| 000 | 00449cam a2200193ua 4500 | ||
|---|---|---|---|
| 001 | 2756 | ||
| 008 | 161107n1987 II |||gr||||Z||||||eng | ||
| 040 | _aMAIN | ||
| 041 | _aEnglish | ||
| 082 | _a910 VAR | ||
| 100 | _aVARMA, S. P. | ||
| 245 | _aGEOGRAPHY TEACHING | ||
| 250 | _a3RD. | ||
| 260 |
_aNEW DELHI _bSTERLING PUBLISHERS _c1987 |
||
| 300 |
_a350: _c20CM. |
||
| 653 | _aGeography & travel | ||
| 700 |
_aVARMA, S. P., _eAUTHOR. |
||
| 942 | _cBK | ||
| 999 |
_c2750 _d2750 |
||